| 000 | 00481nam a22001217a 4500 | ||
|---|---|---|---|
| 008 | 230612b |||||||| |||| 00| 0 eng d | ||
| 040 |
_aNational Science Library _cNational Science Library |
||
| 080 |
_a621.039.005(082.2) _bM7 |
||
| 245 |
_aSymposium on indigenous nuclear equipment _c/ Central Complex Auditorium Bhabha Atomic Research Centre Trombay, Bombay 11-13 February, 1987 |
||
| 260 |
_aIndia: _bDepartment of Atomic Energy, _c1987 |
||
| 650 | _aSymposium | ||
| 942 |
_2udc _cSYM |
||
| 999 |
_c41997 _d41997 |
||